<?xml version="1.0" encoding="UTF-8"?>
<record
    xmlns:xsi="http://www.w3.org/2001/XMLSchema-instance"
    xsi:schemaLocation="http://www.loc.gov/MARC21/slim http://www.loc.gov/standards/marcxml/schema/MARC21slim.xsd"
    xmlns="http://www.loc.gov/MARC21/slim">

  <leader>01959nam a2200325 a 4500</leader>
  <controlfield tag="001">1184093</controlfield>
  <controlfield tag="005">20220326193306.0</controlfield>
  <controlfield tag="008">970410s1997    txua     bc   000 0 eng d</controlfield>
  <datafield tag="010" ind1=" " ind2=" ">
    <subfield code="a">   97071055 </subfield>
  </datafield>
  <datafield tag="020" ind1=" " ind2=" ">
    <subfield code="a">0935213074</subfield>
  </datafield>
  <datafield tag="035" ind1=" " ind2=" ">
    <subfield code="a">(OCoLC)37328106 </subfield>
  </datafield>
  <datafield tag="040" ind1=" " ind2=" ">
    <subfield code="a">NmU</subfield>
    <subfield code="c">NmU</subfield>
    <subfield code="d">PPiC</subfield>
    <subfield code="d">DLC</subfield>
  </datafield>
  <datafield tag="042" ind1=" " ind2=" ">
    <subfield code="a">lccopycat</subfield>
  </datafield>
  <datafield tag="043" ind1=" " ind2=" ">
    <subfield code="a">s------</subfield>
  </datafield>
  <datafield tag="082" ind1="0" ind2="0">
    <subfield code="a">741.598</subfield>
    <subfield code="b">R175r</subfield>
  </datafield>
  <datafield tag="100" ind1=" " ind2=" ">
    <subfield code="a">Ram&#xED;rez, Mari Carmen,</subfield>
    <subfield code="9">1764</subfield>
  </datafield>
  <datafield tag="245" ind1="0" ind2="0">
    <subfield code="a">Re-aligning vision :</subfield>
    <subfield code="b">alternative currents in South American drawing /</subfield>
    <subfield code="c">edited with an introduction by Mari Carmen Ram&#xED;rez ; curators, Edith A. Gibson and Mari Carmen Ram&#xED;rez ; [translator, Albert G. Bork].</subfield>
  </datafield>
  <datafield tag="260" ind1=" " ind2=" ">
    <subfield code="a">[Austin] :</subfield>
    <subfield code="b">Archer M. Huntington Art Gallery, University of Texas at Austin,</subfield>
    <subfield code="c">1997.</subfield>
  </datafield>
  <datafield tag="300" ind1=" " ind2=" ">
    <subfield code="a">238 p. :</subfield>
    <subfield code="b">ill. (some col.) ;</subfield>
    <subfield code="c">27 cm.</subfield>
  </datafield>
  <datafield tag="500" ind1=" " ind2=" ">
    <subfield code="a">"Catalogue published in conjunction with the traveling exhibition sponsored by the Archer M. Huntington Art Gallery."</subfield>
  </datafield>
  <datafield tag="504" ind1=" " ind2=" ">
    <subfield code="a">Includes bibliographical references (p. 212-219).</subfield>
  </datafield>
  <datafield tag="505" ind1=" " ind2=" ">
    <subfield code="t">On Drawing </subfield>
    <subfield code="r">Mario de Andrade </subfield>
    <subfield code="t">Two Vulnerables decades in latin american art, 1950-1970 (1973)</subfield>
    <subfield code="r">Marta Traba </subfield>
    <subfield code="t">The newest colombians : an examplary anthology (1974)</subfield>
    <subfield code="r">Marta Traba </subfield>
    <subfield code="t">Drawing Venezuela (1978)</subfield>
    <subfield code="r">Marta Traba </subfield>
    <subfield code="t">Recent latin american drawings (1969-1976)</subfield>
    <subfield code="r">Barbara Duncan </subfield>
    <subfield code="t">Recent latin american drawings (1969-1976)</subfield>
    <subfield code="r">Damian Bayon </subfield>
    <subfield code="t">My Approaches to drawing (1978)</subfield>
    <subfield code="r">Luis Felipe Noe </subfield>
    <subfield code="t">Drawing today (1981)</subfield>
    <subfield code="r">Juan Calzadilla </subfield>
    <subfield code="t">Aprproach to a Written Drawing (1996)</subfield>
    <subfield code="r">Juan Calzadilla </subfield>
  </datafield>
  <datafield tag="650" ind1=" " ind2="0">
    <subfield code="a">Drawing</subfield>
    <subfield code="z">South America</subfield>
    <subfield code="x">Exhibitions.</subfield>
    <subfield code="9">1765</subfield>
  </datafield>
  <datafield tag="700" ind1="1" ind2=" ">
    <subfield code="a">Ram&#xED;rez, Mari Carmen,</subfield>
    <subfield code="d">1955-</subfield>
    <subfield code="9">1740</subfield>
  </datafield>
  <datafield tag="700" ind1="1" ind2=" ">
    <subfield code="a">Gibson, Edith A.</subfield>
    <subfield code="9">1766</subfield>
  </datafield>
  <datafield tag="710" ind1="2" ind2=" ">
    <subfield code="a">Archer M. Huntington Art Gallery</subfield>
    <subfield code="9">1767</subfield>
  </datafield>
  <datafield tag="906" ind1=" " ind2=" ">
    <subfield code="a">7</subfield>
    <subfield code="b">cbc</subfield>
    <subfield code="c">copycat</subfield>
    <subfield code="d">2</subfield>
    <subfield code="e">opcn</subfield>
    <subfield code="f">19</subfield>
    <subfield code="g">y-gencatlg</subfield>
  </datafield>
  <datafield tag="999" ind1=" " ind2=" ">
    <subfield code="c">372</subfield>
    <subfield code="d">372</subfield>
  </datafield>
  <datafield tag="952" ind1=" " ind2=" ">
    <subfield code="0">0</subfield>
    <subfield code="1">0</subfield>
    <subfield code="2">ddc</subfield>
    <subfield code="4">0</subfield>
    <subfield code="7">0</subfield>
    <subfield code="a">LV</subfield>
    <subfield code="b">LV</subfield>
    <subfield code="c">Pensamiento</subfield>
    <subfield code="d">2014-11-21</subfield>
    <subfield code="l">0</subfield>
    <subfield code="o">741.598 R175r</subfield>
    <subfield code="p">000432</subfield>
    <subfield code="r">2014-11-21 00:00:00</subfield>
    <subfield code="w">2014-11-21</subfield>
    <subfield code="y">01</subfield>
  </datafield>
</record>
